BIBLIOTHÈQUE DE LA MAISON DU MEXIQUE

Logo 1 Logo 2

Introducción al comportamiento animal (notice nᵒ 9023)

détails MARC
000 -Sello discográfico
campo de control de longitud fija 01156nam a2200349 4500
005 - Identificación de versión
campo de control 20251016085128.0
010 ## - Número Estándar Internacional de Libros (ISBN)
Número (ISBN) 84-375-0066-4
035 ## - Otros números de control del sistema
Número de control del sistema 12309
099 ## - fechas locales
Tipo de ítem Koha LIBRO
100 ## - Datos de procesamiento general
Datos de procesamiento general 20030220d1976 m y1spay5003 ba
101 ## - Idioma del recurso
Idioma del texto, banda sonora, etc. Español; Castellano
Idioma de la obra original Inglés
105 ## - Campo de datos codificados: Material textual, monográfico
Datos codificados de monografía a 001zy
200 1# - Título y mención de responsabilidad
Título propio Introducción al comportamiento animal
Designación general del material texto impreso
Otra información del título un siglo de etología
Primer mención de responsabilidad Peter H. Klopfer
Declaración de responsabilidad subsiguiente traducción Juan José Utrilla
205 ## - Declaración de edición
Declaración de edición 1a ed
210 ## - Publicación, distribución, etc.
Lugar de publicación, distribución, etc. Madrid
Nombre del editor, distribuidor, etc. Fondo de Cultura Económica
Fecha de publicación, distribución, etc. 1976
215 ## - Descripción física
Designación de material específico y extensión del ítem 506 p
Otras características físicas il.
Dimensiones 17 cm
300 ## - Notas generales
Texto de la nota Incluye índice de materias y de autores
320 ## - Nota de índices/bibliografías internas
Texto de la nota Bibliografía: p.455-491
345 ## - Nota de información de adquisición
Fuente de adquisición/dirección de la suscripción [OBSOLETO] Donación
410 #1 - Series
Título Breviarios del Fondo de Cultura Económica
Número de volumen 256
454 #1 - Traducción de
Título An introduction to animal behavior
606 ## - Término temático usado como materia
Elemento de entrada Animales
Subdivisión temática Hábito y conducta
-- Historia
Número Koha 15367
700 ## - Nombre personal - Responsabilidad primaria
Elemento de entrada Klopfer
Parte del nombre distinta del elemento de entrada Peter Hubert
Fechas 1930-
Número Koha 15368
702 ## - Nombre personal - Responsabilidad secundaria
Elemento de entrada Utrilla
Parte del nombre distinta del elemento de entrada Juan José
Fechas 1932-
Número Koha 2309
801 #0 - Fuente de origen
Agencia cm
900 ## -
-- 1/3505
900 ## -
-- 7100315252\200203
942 ## - ELEMENTOS DE ENTRADA SECUNDARIOS (KOHA)
Tipo de ítem Koha Livre
996 ## -
-- MEX
-- 751145101
-- MMAG
-- 004738
-- 082.1 B846 V.256
-- 20210429LIV
Exemplaires
Estatus retirado Estado de daño Estado de pérdida Fecha de adquisición Biblioteca de origen Biblioteca actual Ubicación en estantería Código de barras Precio de reemplazo Signatura topográfica completa No para préstamo Tipo de ítem Koha Nota pública Nota no pública
      05/08/2025 Casa México Paris Casa México Paris   004738 05/08/2025 082.1 B846 V.256   Livre 20210429LIV 751145101